Ekonomika a riadenie priemyslu : Praktikum /

Saved in:
Bibliographic Details
Main Author: Zwiebová, Darina (Author)
Format: Book
Published: Bratislava : Vysoká škola ekonomická, Bratislava, 1987
Tags: Add Tag
No Tags, Be the first to tag this record!

MARC

LEADER 00000nam a22000003a 4500
001 stu14941
005 20150617225800.8
008 ------s1987----cs----------------------d
040 |a STU  |b slo 
041 0
044 |a cs 
080 |a 338.45 
100 1 |a Zwiebová, Darina  |4 aut 
245 1 |a Ekonomika a riadenie priemyslu :  |b Praktikum /  |c [aut.]Zwiebová,Darina 
260 |a Bratislava :  |b Vysoká škola ekonomická, Bratislava,  |c 1987 
300 |a 150 s :  |b Tab.,lit 
996 |b CB813  |c C*B813  |l CCXIV  |s P  |a 0  |w stu14941_0001